[Event "Challenge"]
[Site "http://www.queenalice.com/game.php?id=1140378"]
[Date "2013.1.13"]
[Round "-"]
[White "Torfi"]
[Black "bumpywater"]
[Result "1-0"]
[WhiteElo "1991"]
[BlackElo "1832"]

1. e4 e5 2. Nf3 Nc6 3. Bc4 h6 4. d4 exd4 5. Nxd4 Ne5 6. Bb3 Bb4+ 7. Bd2 Bc5 8.
c3 Nd3+ 9. Ke2 Ne5 10. f4 Ng6 11. f5 Ne5 12. Bf4 Qh4 13. g3 Qg4+ 14. Kd2 Qxd1+
15. Kxd1 d6 16. Nb5 Bb6 17. Nd2 a6 18. Nd4 Nf6 19. Kc2 Bd7 20. h3 O-O-O 21. g4
g5 22. fxg6 fxg6 23. Rhf1 Bxd4 24. cxd4 Nc6 25. Be3 Rdf8 26. e5 dxe5 27. dxe5
Nh7 28. e6 Be8 29. Bxh6 Rxf1 30. Rxf1 Nd4+ 31. Kc3 Nxb3 32. Kxb3 Bb5 33. Nc4 Re8
34. Rf7 Rxe6 35. Rxh7 Bc6 36. Nd2 Bd5+ 37. Ka3 Rd6 38. Bf4 Rc6 39. b3 Kb8 40.
Rd7 Be6 41. Rd4 Rc5 42. Rd8+ Bc8 43. Nc4 b5 44. Nb6 b4+ 45. Kb2 1-0

[Event "Challenge"]
[Site "http://www.queenalice.com/game.php?id=1144017"]
[Date "2013.1.23"]
[Round "-"]
[White "Torfi"]
[Black "jeancarlo1910"]
[Result "0-1"]
[WhiteElo "2025"]
[BlackElo "1929"]

1. e4 c5 2. Nf3 Nc6 3. d4 cxd4 4. Nxd4 d6 5. Nc3 e5 6. Nf5 Bxf5 7. exf5 Nf6 8.
Bb5 Be7 9. Nd5 O-O 10. O-O Nd4 11. Nxf6+ Bxf6 12. Bd3 d5 13. c3 Nc6 14. Be3 a6
15. Re1 e4 16. Bc2 Be5 17. Bb3 Ne7 18. Bc5 Re8 19. Bxe7 Rxe7 20. Bxd5 Rb8 21.
Bxe4 Qxd1 22. Raxd1 f6 23. Bd5+ Kf8 24. Be6 Bc7 25. Rd7 Rxd7 26. Bxd7 Rd8 27.
Rd1 Ke7 28. Ba4 Rxd1+ 29. Bxd1 b6 30. g4 Bf4 31. Kg2 a5 32. h3 Bc1 33. b3 Kd6
34. Kf3 h6 35. Ke4 b5 0-1

[Event "Challenge"]
[Site "http://www.queenalice.com/game.php?id=1166035"]
[Date "2013.3.29"]
[Round "-"]
[White "bumpywater"]
[Black "Torfi"]
[Result "0-1"]
[WhiteElo "1843"]
[BlackElo "1980"]

1. e4 e5 2. Nf3 Nc6 3. Bc4 Bc5 4. O-O d6 5. h3 f5 6. Nc3 f4 7. Bxg8 Rxg8 8. a3
g5 9. b4 Bb6 10. Bb2 g4 11. hxg4 Bxg4 12. Kh2 Qf6 13. Nd5 Qh6+ 14. Kg1 Rg6 15.
g3 Qh5 16. Re1 Bxf3 0-1

[Event "Challenge"]
[Site "http://www.queenalice.com/game.php?id=1234749"]
[Date "2013.11.23"]
[Round "-"]
[White "bumpywater"]
[Black "Torfi"]
[Result "0-1"]
[WhiteElo "1714"]
[BlackElo "2029"]

1. d4 d5 2. Bf4 Nf6 3. Nc3 Bf5 4. e3 e6 5. a3 a6 6. h3 Bd6 7. Bb5+ axb5 8. Nf3
Bxf4 9. exf4 b4 10. Ne2 bxa3 11. Rxa3 Rxa3 12. bxa3 c5 13. c3 Qa5 14. dxc5 Qxa3
15. O-O Qxc5 16. Qa4+ Nc6 17. Qa8+ Nd8 18. Qa4+ Qc6 19. Qb4 Bd3 20. Ned4 Qc4 21.
Qxc4 Bxc4 22. Re1 O-O 23. Ne5 Nc6 24. Ndxc6 bxc6 25. Nxc6 Ne4 26. Ne5 Nxc3 27.
Kh2 Rc8 28. g3 Re8 29. Rc1 Ne4 30. Nxc4 dxc4 31. Rxc4 Nxf2 32. Rc2 Ne4 33. Re2
f5 34. Re3 g5 35. Kg2 gxf4 36. gxf4 h5 37. h4 Kf7 38. Rd3 Rg8+ 39. Kf3 Rg3+ 40.
Ke2 Nc3+ 41. Kd2 Rxd3+ 42. Kxd3 Nd5 43. Kd4 Nxf4 0-1

[Event "Challenge"]
[Site "http://www.queenalice.com/game.php?id=1360104"]
[Date "2015.5.17"]
[Round "-"]
[White "bumpywater"]
[Black "Torfi"]
[Result "1/2-1/2"]
[WhiteElo "1817"]
[BlackElo "2032"]

1. e4 e5 2. Nf3 Nc6 3. d4 exd4 4. Nxd4 Bc5 5. Be3 Qf6 6. c3 a6 7. Bc4 b5 8. Bb3
Na5 9. O-O Ne7 10. Nd2 Bb6 11. a3 c5 12. N4f3 c4 13. Ba2 O-O 14. e5 Qc6 15. Rb1
Ng6 16. Bxb6 Qxb6 17. b3 d6 18. exd6 Bb7 19. bxc4 Qxd6 20. cxb5 Qxa3 21. bxa6
Bxf3 22. Nxf3 Qxa2 23. Ra1 Qc4 24. Rxa5 Rxa6 25. Rxa6 Qxa6 26. h3 Nf4 27. Re1
Qc4 28. Qd2 Nd5 29. Ne5 Qxc3 30. Qxc3 Nxc3 31. Nd7 Rd8 32. Kh2 h6 33. Nc5 Nd1
34. f3 Kh7 35. Re7 f6 36. Ne6 Rg8 37. g4 Ne3 38. Rf7 Nc4 39. Nf8+ Kh8 40. Ng6+
Kh7 41. Nf8+ Kh8 42. Ng6+ Kh7 43. Nf8+ Kh8 44. Ng6+ Kh7 45. Nf8+ Kh8 46. Ng6+
Kh7 1/2-1/2

[Event "Challenge"]
[Site "http://www.queenalice.com/game.php?id=1380601"]
[Date "2015.8.31"]
[Round "-"]
[White "steinie"]
[Black "Torfi"]
[Result "0-1"]
[WhiteElo "2133"]
[BlackElo "2023"]

1. e4 e5 2. d3 Nc6 3. Nf3 Nf6 4. Nc3 Bb4 5. Bg5 h6 6. a3 Bxc3+ 7. bxc3 hxg5 8.
Nxg5 d5 9. Qe2 dxe4 10. dxe4 Nh7 11. Rd1 Qxg5 12. h4 Qg4 13. Qxg4 Bxg4 14. f3
Be6 15. Rb1 O-O-O 16. c4 f5 17. g4 fxe4 18. fxe4 Bxg4 19. Be2 Nf6 20. Bd3 Nd4
21. c3 Nf3+ 22. Kf1 Rxd3 0-1

[Event "Challenge"]
[Site "http://www.queenalice.com/game.php?id=1408152"]
[Date "2016.2.8"]
[Round "-"]
[White "Torfi"]
[Black "bumpywater"]
[Result "1-0"]
[WhiteElo "2043"]
[BlackElo "1784"]

1. e4 e5 2. Nf3 Nc6 3. Bc4 Qf6 4. Nc3 Nge7 5. Nb5 Kd8 6. d3 a6 7. Nc3 Ng6 8. Bg5
Qxg5 9. Nxg5 Ke8 10. Bxf7+ Kd8 11. Bxg6 Ke7 12. Nd5+ Kd6 13. Nf7+ 1-0

[Event "Challenge"]
[Site "http://www.queenalice.com/game.php?id=1459859"]
[Date "2017.1.17"]
[Round "-"]
[White "Torfi"]
[Black "bumpywater"]
[Result "0-1"]
[WhiteElo "2061"]
[BlackElo "1854"]

1. e4 e5 2. Nf3 Nc6 3. Bb5 a6 4. Ba4 b5 5. Bb3 Nf6 6. O-O Bc5 7. Nxe5 Nxe5 8. d4
Bxd4 9. Qxd4 d6 10. Bg5 O-O 11. Bd5 Rb8 12. f4 c5 13. Qd1 Neg4 14. f5 h6 15. Bf4
Nxd5 16. Qxg4 Nf6 17. Qf3 Bb7 18. Nd2 Re8 19. Qg3 Nh5 20. Qf3 Nf6 21. Qg3 Nh5
22. Qh3 Nxf4 23. Rxf4 Qg5 24. g3 Qf6 25. c3 Re5 26. Qf1 d5 27. exd5 Rxd5 28. Nf3
Rbd8 29. g4 g5 30. Re4 Rd3 31. Re8+ Rxe8 32. Qxd3 c4 33. Qd4 Qc6 34. Rf1 Re4 35.
Qd8+ Kh7 36. h3 Re2 37. Qf8 Qb6+ 38. Nd4 Rg2+ 39. Kh1 Qc7 40. Rf4 Rxb2+ 41. Kg1
Rb1+ 42. Kf2 Qxf4+ 43. Ke2 Rb2+ 0-1

[Event "Challenge"]
[Site "http://www.queenalice.com/game.php?id=1473228"]
[Date "2017.4.13"]
[Round "-"]
[White "bumpywater"]
[Black "Torfi"]
[Result "1-0"]
[WhiteElo "1904"]
[BlackElo "2037"]

1. e4 e5 2. Nf3 Nc6 3. Bc4 d6 4. h3 Nf6 5. Ng5 d5 6. exd5 Nxd5 7. Nxf7 Kxf7 8.
Qf3+ Qf6 9. Bxd5+ Ke7 10. Qa3+ Kd8 11. Qa4 Nb4 12. Be4 Bc5 13. O-O Rf8 14. Kh1
Qh4 15. d4 exd4 16. Qb5 Qh5 17. a3 Nd5 18. Qxc5 Bxh3 19. Qxf8+ 1-0

[Event "Challenge"]
[Site "http://www.queenalice.com/game.php?id=1476262"]
[Date "2017.5.1"]
[Round "-"]
[White "Torfi"]
[Black "bumpywater"]
[Result "1-0"]
[WhiteElo "2016"]
[BlackElo "1941"]

1. e4 c5 2. Nf3 e6 3. d4 Nf6 4. e5 Nd5 5. c4 Nc7 6. d5 exd5 7. cxd5 b6 8. Nc3
Bb7 9. Bc4 h6 10. O-O a6 11. a4 b5 12. axb5 axb5 13. Rxa8 Bxa8 14. Nxb5 Nxb5 15.
Bxb5 Qa5 16. Bc4 Be7 17. d6 Bd8 18. Qb3 Qb4 19. Bxf7+ Kf8 20. Qa2 Qg4 21. Qxa8
Kxf7 22. Qxb8 Rf8 23. Qb3+ Ke8 24. Re1 c4 25. Qe3 Rf7 26. e6 dxe6 27. Ne5 Qf5
28. Nxf7 Qxf7 29. Qxe6+ Qxe6 30. Rxe6+ Kd7 31. Rg6 Bf6 32. Bxh6 Bxb2 33. Bxg7
Bc1 34. Rg4 1-0

[Event "Challenge"]
[Site "http://www.queenalice.com/game.php?id=1479417"]
[Date "2017.5.23"]
[Round "-"]
[White "bumpywater"]
[Black "Torfi"]
[Result "0-1"]
[WhiteElo "1962"]
[BlackElo "2029"]

1. e4 e5 2. Nf3 Nc6 3. d4 exd4 4. Nxd4 Qf6 5. Nf3 Bc5 6. Bg5 Qg6 7. c3 Ne5 8.
Nbd2 d6 9. a4 Nxf3+ 10. Nxf3 Bg4 11. Bf4 Qxe4+ 12. Be3 Bxe3 13. fxe3 Qxe3+ 14.
Qe2 Qxe2+ 15. Bxe2 Nf6 16. O-O O-O 17. h3 Bh5 18. Bc4 Ne4 19. Bd3 Nc5 20. Bc2 a5
21. Nd4 c6 22. b4 axb4 23. cxb4 Ne6 24. Nf5 d5 25. Ne7+ Kh8 26. Rac1 Be2 27.
Rfe1 Bc4 28. a5 g6 29. Ba4 Rae8 30. Nxc6 bxc6 31. Bxc6 Rb8 32. b5 Bxb5 33. Bxd5
Nf4 34. Bc4 Bxc4 35. Rxc4 Ne6 36. h4 Rb5 37. Ra1 Ra8 38. a6 Rb6 39. a7 Rb7 40.
Rca4 Rb6 41. Kf2 Ng7 42. Rd4 Ne8 43. Rd7 Kg7 44. g4 Nf6 45. Rd4 Rb7 46. Rda4 Ne8
47. g5 Nd6 48. Ke3 Nc8 49. Kd4 Raxa7 50. Rxa7 Rxa7 51. Rc1 Ra4+ 52. Ke3 Ne7 53.
Rc7 Nd5+ 0-1

[Event "Challenge"]
[Site "http://www.queenalice.com/game.php?id=1797127"]
[Date "2022.9.29"]
[Round "-"]
[White "Torfi"]
[Black "steinie"]
[Result "1-0"]
[WhiteElo "2035"]
[BlackElo "1964"]

1. e4 e6 2. e5 d6 3. Nf3 c5 4. Bb5+ Bd7 5. Nc3 Nc6 6. Bxc6 Bxc6 7. O-O dxe5 8.
Nxe5 Rc8 9. d3 Ne7 10. Be3 b6 11. a3 Bb7 12. a4 Nd5 13. Qd2 Nxe3 14. fxe3 f6 15.
Qf2 Be7 16. Ng4 O-O 17. Qg3 a6 18. Rae1 Kh8 19. e4 Qd4+ 20. Qe3 Qb4 21. Rb1 Rfe8
22. Ne2 f5 23. Ne5 fxe4 24. Ng6+ Kg8 25. Ne5 Bf6 26. Nd7 Bc6 27. Nxf6+ gxf6 28.
Rxf6 Re7 29. Qg3+ Rg7 30. Qd6 Rd7 31. Qxe6+ Kg7 32. c3 Qb3 33. Qxb3 Kxf6 34.
dxe4 Bxe4 35. Rf1+ Ke5 36. Qxb6 Rd6 37. Qa7 Rg6 38. Qe7+ Re6 39. Qg7+ Kd6 40.
Rd1+ Bd5 41. Rxd5+ Kxd5 42. Nf4+ Kd6 43. Nxe6 Re8 44. Nf4 Re1+ 45. Kf2 1-0

[Event "Challenge"]
[Site "http://www.queenalice.com/game.php?id=1824562"]
[Date "2023.11.3"]
[Round "-"]
[White "steinie"]
[Black "Torfi"]
[Result "1-0"]
[WhiteElo "1957"]
[BlackElo "2048"]

1. e4 g6 2. d4 Bg7 3. Nc3 d6 4. Be3 c6 5. Nf3 b6 6. Bd3 Ba6 7. g4 e5 8. dxe5
dxe5 9. b4 Nd7 10. Bxa6 b5 11. Bb7 Rb8 12. Bxc6 Ne7 13. Bxb5 Rc8 14. Bxd7+ Qxd7
15. Qxd7+ Kxd7 16. Rd1+ Ke8 17. Bc5 Nc6 18. Nb5 Bf8 19. Nd6+ Bxd6 20. Bxd6 f6
21. c3 Kf7 22. Rg1 g5 23. h4 gxh4 24. Nxh4 a6 25. Nf5 a5 26. b5 Na7 27. Bxe5
fxe5 28. Rd7+ Ke6 29. Re7+ Kf6 30. g5+ Kg6 31. Rg7+ Kh5 32. f3 1-0